Ukhuwah Islamiah

Bibliographic Details
Main Author: Ahmad Iman Arief
Other Authors: Supiyaton Hj.Mokti
Format: Book
Published: Kuala Lumpur : Sabunai Media , 2006
Series:Siri Islam asas kehidupan
Subjects:

MARC

LEADER 00000cam a2200000 7i4500
001 0000007430
005 20160330.0
008 070903
020 |a 9832612691 
090 0 0 |a 297.5   |b AHM 
100 0 |a Ahmad Iman Arief 
245 1 0 |a Ukhuwah Islamiah   |c Ahmad Iman Arief;Ustazah Supiyaton Hj.Mokti 
260 |a Kuala Lumpur :   |b Sabunai Media ,   |c 2006 
440 |a Siri Islam asas kehidupan 
500 |a Teenager ages 13-18 years old (blue) 
650 0 |a Brotherliness   |x Religious aspects   |x Islam 
650 0 |a Friendship   |x Religious Aspects   |x Islam 
650 0 |a Muslims   |x Conduct of life 
650 0 |a Social ethnics   |x Religious aspects   |x Islam 
700 0 |a Supiyaton Hj.Mokti 
999 |a 0000983812   |b Book   |c Teenagers   |e Perbadanan Perpustakaan Awam Johor 
999 |a 0000983814   |b Book   |c Teenagers   |e Perbadanan Perpustakaan Awam Johor 
999 |a 0001010097   |b Book   |c Adult Collection   |e Cawangan Pontian 
999 |a 0001010098   |b Book   |c Adult Collection   |e Cawangan Muar 
999 |a 0001010099   |b Book   |c Adult Collection   |e Cawangan Tmn. Ungku Tun Aminah 
999 |a 0001154139   |b Book   |c Adult Collection   |e Cawangan Pontian